000 00677nam a2200289Ia 4500
005 20260324132527.0
008 008 260324s9999 xx 000 0 eng d
020 _a9780203643976
037 _aEBOOK
040 _aCRL
040 _beng
040 _cCRL
041 _2eng
041 _aeng
084 _qCRL
100 _aLiam Kennedy
_91189631
245 0 _aRemaking Birmingham
245 4 _bThe Visual Culture of Urban Regeneration
260 _bTaylor and Francis
260 _c2004
365 _a
365 _b240
856 _uhttp://www.taylorfrancis.com/books/9780203643976
942 _cEBOOK
999 _c1787805
_d1787805